F1: Construtores vencedores - Statistics

Estatísticas Gerais
  • Esse quiz foi jogado 197 vezes
  • A pontuação média é 9 de 15
Estatísticas das Respostas
Hint Resposta % Correto
16 Vezes Ferrari
99%
8 Vezes Mercedes
99%
8 Vezes McLaren
98%
4 Vezes Red Bull
97%
9 Vezes Williams
92%
2 Vezes Renault
71%
7 Vezes Lotus
67%
1 Vez Bennetton
54%
1 Vez Brawn
48%
2 Vezes Brabham
41%
1 Vez Tyrrel
27%
2 Vezes Cooper
22%
1 Vez BRM
16%
1 Vez Matra
16%
1 Vez Vanwall
10%
Nenhum quiz correspondente encontrado
Distribuição das Pontuações
Porcentagem de Pessoas com Cada Pontuação
Percentil de Números Respondidos
Sua Pontuação Histórica
Você não jogou esse quiz